Estatísticas para Pássaros

Clique aqui para jogar o quiz

Estatísticas Gerais

  • Esse quiz foi jogado 49 vezes
  • A pontuação média é 10 de 15

Estatísticas das Respostas

Resposta% Correto
Pato
100%
Pombo
100%
Coruja
98%
Pavão
98%
Tucano
98%
Flamingo
95%
Galinha
95%
Pinguim
95%
Gaivota
81%
Dodo
74%
Emu
47%
Albatroz
33%
Casuar
19%
Grande Pelicano Branco
2%
Arara Escarlate
0%

Distribuição das Pontuações

Percentil de Números Respondidos

Porcentagem de Pessoas com Cada Pontuação

Sua Pontuação Histórica

Você não jogou esse quiz